Statistics for Livin' on a Prayer Lyrics Quiz

Click here to take the quiz!

General Stats

  • This quiz has been taken 81,630 times
    (81,601 since last reset)
  • The average score is 14 of 20

Answer Stats

Lyric% Correct
Whoa-Oh, livin' on a {prayer}
96%
Whoa, we're {half} {way} there
93%
Take my hand, we'll make it I {swear}
91%
It doesn't make a {difference} 
90%
if we {make} it or not
89%
We'll give it a {shot}
89%
She says we've gotta {hold} {on} to what we've got
88%
We've got {each} {other} and that's a lot for love
83%
Tommy used to work on the {docks}
79%
Union's been on strike, he's down {on} {his} {luck}
78%
it's {tough}, so {tough}
74%
Gina works the {diner} all day
70%
When she cries in the {night}, Tommy whispers
63%
Gina dreams of {running} {away}. 
56%
Working for her man, she brings home {her} {pay},
for love, for love
56%
Tommy's got his {six} {string} in hock. 
49%
"Baby it's okay, {someday}"
47%
We gotta hold on {ready} {or} {not}
46%
You live for the {fight} when it's all that you've got
41%
Now he's holding in what he used to make it {talk},
so tough, it's tough
34%

Score Distribution

Percentile by Number Answered

Percent of People with Each Score

Your Score History

You have not taken this quiz since the last reset